000 00405nam a2200121Ia 4500
008 220620s9999||||xx |||||||||||||| ||und||
100 _aHiran Wimal Amarasekera
245 0 _aRecent Advances in Arthroscopic Surgery
546 _aEnglish[eng]
650 _aMedicine||Surgery||Orthopedics||Health Sciences
856 _uhttps://www.intechopen.com/books/recent-advances-in-arthroscopic-surgery
942 _cEB
999 _c25049
_d25049